[Event "Nuremberg Zabo op 18th"]
[Site "Nuremberg"]
[Date "2016.09.16"]
[Round "1"]
[White "Roeckl, Adelbert"]
[Black "Diller, Peter"]
[Result "0-1"]
[WhiteElo "1468"]
[BlackElo "1957"]
[PlyCount "68"]
[EventDate "2016.09.16"]
[EventType "swiss"]
[EventRounds "5"]
[EventCountry "GER"]
[SourceTitle "EXT 2018"]
[Source "ChessBase"]
[SourceDate "2017.10.13"]
[SourceVersion "1"]
[SourceVersionDate "2017.10.13"]
[SourceQuality "1"]

1. Nf3 e6 2. c4 d5 3. d4 Nf6 4. Nc3 c6 5. Bf4 Be7 6. e3 0-0 7. h3 Nbd7 8. Bd3 dxc4 9. Bxc4 b5 10. Bd3 b4 11. Ne2 Bb7 12. 0-0 c5 13. Ne5 cxd4 14. Nxd4 Nxe5 15. Bxe5 Qa5 16. Bf4 Rad8 17. Nb3 Qd5 18. Bxh7+ Kxh7 19. Qxd5 Nxd5 20. Bh2 Rc8 21. Rac1 Nb6 22. Nd4 Na4 23. Nb5 a6 24. Nd6 Rxc1 25. Rxc1 Bd5 26. Rc7 Bf6 27. b3 Nc3 28. Ra7 Nxa2 29. Rxa6 Bxb3 30. Rb6 e5 31. Ne4 Be6 32. Nc5 Rc8 33. Rb5 Bc4 34. Ra5 Bd8 0-1

[Event "Nuremberg Zabo op 17th"]
[Site "Nuremberg"]
[Date "2015.09.21"]
[Round "3"]
[White "Franz, Alexander"]
[Black "Roeckl, Adelbert"]
[Result "1/2-1/2"]
[WhiteElo "1335"]
[BlackElo "1493"]
[PlyCount "80"]
[EventDate "2015.09.21"]
[EventType "swiss"]
[EventRounds "5"]
[EventCountry "GER"]
[SourceTitle "EXT 2018"]
[Source "ChessBase"]
[SourceDate "2017.10.13"]
[SourceVersion "1"]
[SourceVersionDate "2017.10.13"]
[SourceQuality "1"]

1. e4 e5 2. Bc4 Nf6 3. Nc3 Be7 4. d3 0-0 5. f4 d6 6. Nf3 Nc6 7. 0-0 h6 8. f5 Na5 9. Bb3 Nxb3 10. axb3 c6 11. Qe1 Nh7 12. Qg3 Ng5 13. Qg4 Kh8 14. Ne2 Nxf3+ 15. Rxf3 Bg5 16. Rg3 Bf6 17. Rh3 Kg8 18. Bxh6 d5 19. Ng3 g6 20. Bxf8 Kxf8 21. Qf3 Bg7 22. Rf1 dxe4 23. dxe4 Qd4+ 24. Kh1 f6 25. Rh4 Bxf5 26. Nxf5 gxf5 27. Qxf5 Rd8 28. Rh3 Qxb2 29. Rd3 Rxd3 30. Qc8+ Kf7 31. Qxb7+ Kg6 32. cxd3 Qe2 33. Ra1 Qxd3 34. Qxc6 Qxb3 35. h3 Qe3 36. Qa4 Bh6 37. Qe8+ Kg7 38. Qd7+ Kg6 39. Qf5+ Kg7 40. Rf1 Bg5 1/2-1/2

[Event "Pyramiden Franken Cup"]
[Site "Fuerth"]
[Date "2015.09.06"]
[Round "6"]
[White "Siewert, Wolfgang"]
[Black "Roeckl, Adelbert"]
[Result "1/2-1/2"]
[WhiteElo "1759"]
[BlackElo "1587"]
[PlyCount "38"]
[EventDate "2015.09.03"]
[EventType "swiss"]
[EventRounds "7"]
[EventCountry "GER"]
[SourceTitle "EXT 2016"]
[Source "ChessBase"]
[SourceDate "2015.10.08"]
[SourceVersion "1"]
[SourceVersionDate "2015.10.08"]
[SourceQuality "1"]

1. c4 Nf6 2. g3 c6 3. Bg2 g6 4. Nf3 d6 5. 0-0 Bg7 6. Nc3 0-0 7. e4 e5 8. d3 Nbd7 9. Nh4 Nc5 10. b4 Ne6 11. Be3 Ne8 12. Qd2 N8c7 13. Bh6 Nd4 14. Bxg7 Kxg7 15. Nf3 Nce6 16. Nxd4 Nxd4 17. Ne2 Nxe2+ 18. Qxe2 Be6 19. Qb2 Qe7 1/2-1/2

[Event "Pyramiden Franken Cup"]
[Site "Fuerth"]
[Date "2015.09.03"]
[Round "1"]
[White "Seitner, Ralf"]
[Black "Roeckl, Adelbert"]
[Result "1-0"]
[WhiteElo "2080"]
[BlackElo "1587"]
[PlyCount "75"]
[EventDate "2015.09.03"]
[EventType "swiss"]
[EventRounds "7"]
[EventCountry "GER"]
[SourceTitle "EXT 2016"]
[Source "ChessBase"]
[SourceDate "2015.10.08"]
[SourceVersion "1"]
[SourceVersionDate "2015.10.08"]
[SourceQuality "1"]

1. d4 d5 2. Bf4 Nf6 3. e3 c6 4. c4 Bg4 5. f3 Bf5 6. Nc3 e6 7. Qb3 Qc8 8. g4 Bg6 9. h4 h5 10. g5 dxc4 11. Bxc4 Nd5 12. Bxd5 exd5 13. Rc1 Qd7 14. Nge2 Na6 15. a3 Be7 16. Bg3 0-0 17. Nf4 Bf5 18. Nxh5 b5 19. Be5 f6 20. gxf6 Bxf6 21. Bxf6 gxf6 22. Rg1+ Kh8 23. Ne2 Qd6 24. Nef4 Nc7 25. Qc3 Rae8 26. Kf2 Rg8 27. Rxg8+ Rxg8 28. Qxc6 Qxc6 29. Rxc6 Ne8 30. Nxd5 Bh3 31. Nhf4 Bd7 32. Rc5 Rg7 33. Nc7 Nxc7 34. Rxc7 Bf5 35. Rxg7 Kxg7 36. e4 Bd7 37. d5 Kh6 38. b4 1-0

[Event "Mittelfranken-ch QT"]
[Site "Nuremberg"]
[Date "2015.04.02"]
[Round "4"]
[White "Roeckl, Adelbert"]
[Black "Hauck, Martin"]
[Result "1-0"]
[WhiteElo "1596"]
[BlackElo "904"]
[PlyCount "89"]
[EventDate "2015.04.01"]
[EventType "swiss"]
[EventRounds "7"]
[EventCountry "GER"]
[SourceTitle "CBM 166 Extra"]
[Source "ChessBase"]
[SourceDate "2015.06.18"]
[SourceVersion "1"]
[SourceVersionDate "2015.06.18"]
[SourceQuality "1"]

1. c4 Nc6 2. Nc3 e6 3. Nf3 Nf6 4. e4 d6 5. d4 d5 6. cxd5 exd5 7. e5 Qe7 8. Be2 Be6 9. exf6 gxf6 10. Bf4 0-0-0 11. a3 a6 12. b4 Na7 13. Rc1 c6 14. 0-0 h5 15. Na4 Re8 16. Re1 Bh6 17. Qd2 Reg8 18. Bf1 h4 19. Bxh6 Rxg2+ 20. Bxg2 Rg8 21. Nxh4 Rg4 22. Nf5 Qc7 23. Ng3 f5 24. Nc5 f4 25. Nxe6 Qd6 26. Bxf4 Qe7 27. Ng5 Qf8 28. Qe2 Rxf4 29. Qe8+ Qxe8 30. Rxe8+ Kc7 31. Bxd5 Rxd4 32. Bxf7 Kb6 33. Ne6 Rd3 34. a4 Ra3 35. a5+ Kb5 36. Ra8 Rf3 37. Nd4+ Kxb4 38. Nxf3 Kxa5 39. Rxa7 b5 40. Ra1+ Kb6 41. R7xa6+ Kc5 42. Rxc6+ Kxc6 43. Nd4+ Kc5 44. Nxb5 Kxb5 45. h4 1-0

[Event "Nuremberg Zabo op 16th"]
[Site "Nuremberg"]
[Date "2014.09.21"]
[Round "5"]
[White "Roeckl, Adelbert"]
[Black "Ott, Juan Luis"]
[Result "1/2-1/2"]
[WhiteElo "1585"]
[BlackElo "1361"]
[PlyCount "148"]
[EventDate "2014.09.19"]
[EventType "swiss"]
[EventRounds "5"]
[EventCountry "GER"]
[SourceTitle "EXT 2018"]
[Source "ChessBase"]
[SourceDate "2017.10.13"]
[SourceVersion "1"]
[SourceVersionDate "2017.10.13"]
[SourceQuality "1"]

1. d4 d5 2. Nf3 Nc6 3. e3 Bg4 4. Nbd2 e6 5. h3 Bh5 6. a3 Nf6 7. Be2 Bd6 8. 0-0 0-0 9. b4 a6 10. Bb2 h6 11. Ne5 Bxe2 12. Qxe2 Ne7 13. Rac1 c6 14. c4 dxc4 15. Nexc4 Bc7 16. Rfd1 Nd7 17. Nf3 Nd5 18. Nce5 Nxe5 19. Nxe5 Nb6 20. Qg4 Bxe5 21. dxe5 Qc7 22. Rd3 Rfd8 23. Rcd1 Rxd3 24. Rxd3 Rd8 25. Qd1 Rxd3 26. Qxd3 Qd7 27. Qe2 Qd5 28. Bc1 Qxe5 29. Qd3 Qd5 30. Qc2 a5 31. e4 Qc4 32. Qxc4 Nxc4 33. f3 axb4 34. axb4 Kf8 35. Kf2 Ke7 36. Ke2 f5 37. Kd3 Nd6 38. Kd4 h5 39. Bf4 Nf7 40. Kc5 Kd7 41. Kb6 Kc8 42. b5 cxb5 43. Kxb5 e5 44. Bc1 f4 45. Ba3 g6 46. Be7 Kc7 47. Kc5 b6+ 48. Kd5 b5 49. Kc5 Kd7 50. Bf8 Ke6 51. Kxb5 g5 52. Kc4 Kf6 53. Kd5 g4 54. hxg4 hxg4 55. fxg4 Nh8 56. Bb4 Ng6 57. Bc3 Ne7+ 58. Kd6 Ng6 59. g5+ Kxg5 60. Bxe5 Nh4 61. g3 fxg3 62. Bxg3 Nf3 63. Be1 Kf6 64. Bc3+ Kg5 65. Kd5 Kg4 66. Bd2 Kg3 67. Kc4 Kg4 68. Kd3 Ne5+ 69. Ke2 Nf3 70. Ke3 Ne5 71. Ba5 Nf3 72. Bc7 Ng5 73. e5 Kf5 74. Kd4 Ne6+ 1/2-1/2

[Event "Nuremberg Zabo op 15th"]
[Site "Nuremberg"]
[Date "2013.09.21"]
[Round "3"]
[White "Roeckl, Adelbert"]
[Black "Laustsen, Kate"]
[Result "1/2-1/2"]
[WhiteElo "1505"]
[BlackElo "1765"]
[PlyCount "127"]
[EventDate "2013.09.20"]
[EventType "swiss"]
[EventRounds "5"]
[EventCountry "GER"]
[SourceTitle "EXT 2016"]
[Source "ChessBase"]
[SourceDate "2015.10.08"]
[SourceVersion "1"]
[SourceVersionDate "2015.10.08"]
[SourceQuality "1"]

1. Nf3 Nf6 2. c4 e6 3. Nc3 b6 4. g3 Bb7 5. Bg2 Be7 6. 0-0 Ne4 7. Qc2 Nxc3 8. Qxc3 0-0 9. Rb1 c5 10. a3 Nc6 11. e3 d5 12. cxd5 exd5 13. d4 Bf6 14. b4 cxd4 15. exd4 Rc8 16. Qd2 Qd7 17. Bb2 Qf5 18. Rfe1 Rfe8 19. Rxe8+ Rxe8 20. Re1 Rxe1+ 21. Qxe1 Kf8 22. b5 Nd8 23. Qb4+ Be7 24. Qe1 Qe6 25. Qxe6 Nxe6 26. Bh3 Ng5 27. Nxg5 Bxg5 28. f4 Be7 29. Kf2 Bd6 30. Bf5 h6 31. Bd3 Bc8 32. Ke3 Bh3 33. Bc1 Ke7 34. Bb2 Kf6 35. Kf3 h5 36. Bc1 Bg4+ 37. Ke3 Be7 38. Bc2 Ke6 39. Bd3 h4 40. Bb2 hxg3 41. hxg3 Bd6 42. Be2 Kf5 43. Bd3+ Ke6 44. Be2 Bxe2 45. Kxe2 g5 46. Kf3 gxf4 47. gxf4 Kf5 48. Bc1 Be7 49. a4 Bb4 50. Be3 Bc3 51. Bf2 Bd2 52. Bg3 Bc1 53. Bh2 Kg6 54. Bg3 Kh5 55. Bf2 Bb2 56. Be3 f5 57. Bf2 Bc3 58. Be3 Kh4 59. Bf2+ Kh3 60. Be3 Kh2 61. Bf2 Kh3 62. Be3 Be1 63. Bg1 Bb4 64. Be3 1/2-1/2

[Event "Nuremberg Zabo op 14th"]
[Site "Nuremberg"]
[Date "2012.09.16"]
[Round "5"]
[White "Roeckl, Adelbert"]
[Black "Berg, Winfried"]
[Result "1/2-1/2"]
[WhiteElo "1521"]
[BlackElo "1616"]
[PlyCount "85"]
[EventDate "2012.09.14"]
[EventType "swiss"]
[EventRounds "5"]
[EventCountry "GER"]
[SourceTitle "EXT 2018"]
[Source "ChessBase"]
[SourceDate "2017.10.13"]
[SourceVersion "1"]
[SourceVersionDate "2017.10.13"]
[SourceQuality "1"]

1. Nf3 e6 2. g3 Be7 3. Bg2 f5 4. 0-0 Nf6 5. d4 0-0 6. c4 d6 7. Nc3 Qe8 8. Bg5 a6 9. Qc2 Nc6 10. a3 h6 11. Bxf6 Bxf6 12. e3 e5 13. Nd5 Qf7 14. Nxf6+ Qxf6 15. dxe5 dxe5 16. Rad1 Be6 17. b3 Rad8 18. Qc3 Rd6 19. Rxd6 cxd6 20. Nd2 Qf7 21. f4 e4 22. Rf2 Rd8 23. g4 g6 24. gxf5 gxf5 25. Bf1 Kh7 26. Be2 Rg8+ 27. Rg2 a5 28. Nf1 d5 29. cxd5 Bxd5 30. Bd1 Be6 31. Qb2 Ne7 32. Rxg8 Qxg8+ 33. Qg2 Ng6 34. b4 axb4 35. axb4 Bb3 36. Bh5 Bf7 37. Bxg6+ Bxg6 38. Ng3 Qb3 39. Qd2 Qd3 40. Qxd3 exd3 41. Nf1 Bh5 42. Nd2 Kg6 43. Kf2 1/2-1/2

[Event "Bayern-ch Seniors 24nd"]
[Site "Bergen"]
[Date "2012.06.22"]
[Round "7"]
[White "Roeckl, Adelbert"]
[Black "Dirks, Rainer"]
[Result "1-0"]
[WhiteElo "1511"]
[BlackElo "1223"]
[PlyCount "87"]
[EventDate "2012.06.16"]
[EventType "swiss"]
[EventRounds "9"]
[EventCountry "GER"]
[SourceTitle "EXT 2015"]
[Source "ChessBase"]
[SourceDate "2014.11.20"]
[SourceVersion "1"]
[SourceVersionDate "2014.11.20"]
[SourceQuality "1"]

1. c4 e5 2. Nc3 Nf6 3. Nf3 Nc6 4. d4 exd4 5. Nxd4 Nxd4 6. Qxd4 Be7 7. g3 0-0 8. Bg2 c6 9. 0-0 b6 10. e4 Bc5 11. Qd3 Re8 12. Be3 Ba6 13. Bxc5 bxc5 14. b3 Bb7 15. Rfe1 Qc7 16. Rad1 Rad8 17. Qc2 d5 18. cxd5 cxd5 19. exd5 Rxe1+ 20. Rxe1 Kf8 21. Rd1 Qe5 22. Na4 Bxd5 23. Qxc5+ Qe7 24. Qxe7+ Kxe7 25. Nc3 Bxg2 26. Rxd8 Kxd8 27. Kxg2 Kd7 28. f3 Kc6 29. Kf2 Kc5 30. Ke3 Kb4 31. Kd4 Nd7 32. Nb1 a5 33. f4 a4 34. bxa4 Kxa4 35. Nc3+ Kb4 36. Ne4 f6 37. g4 Ka3 38. Nc5 Nf8 39. Kd5 Kxa2 40. Ne6 Nxe6 41. Kxe6 g5 42. f5 Kb2 43. Kxf6 Kc2 44. Kg7 1-0

[Event "Mittelfranken Mitte-ch 1112"]
[Site "Zirndorf"]
[Date "2012.01.07"]
[Round "5"]
[White "Dreiseitel, Werner"]
[Black "Roeckl, Adelbert"]
[Result "0-1"]
[WhiteElo "1465"]
[BlackElo "1528"]
[PlyCount "50"]
[EventDate "2012.01.05"]
[EventType "swiss"]
[EventRounds "7"]
[EventCountry "GER"]
[SourceTitle "EXT 2015"]
[Source "ChessBase"]
[SourceDate "2014.11.20"]
[SourceVersion "1"]
[SourceVersionDate "2014.11.20"]
[SourceQuality "1"]

1. d4 Nf6 2. c4 b6 3. Nc3 Bb7 4. Bf4 e6 5. e3 Bb4 6. a3 Bxc3+ 7. bxc3 0-0 8. Nf3 c5 9. Bd3 d5 10. 0-0 dxc4 11. Bxc4 Nbd7 12. Bd6 Re8 13. Rb1 Ne4 14. dxc5 Nxc3 15. Qc2 Nxb1 16. Qxb1 Bxf3 17. gxf3 Qg5+ 18. Kh1 Nxc5 19. Rg1 Qf5 20. Qa1 Qxf3+ 21. Rg2 g6 22. Bf4 Rad8 23. Bb5 Rd1+ 24. Qxd1 Qxd1+ 25. Rg1 Qd5+ 0-1

[Event "Mittelfranken Mitte-ch 1112"]
[Site "Zirndorf"]
[Date "2012.01.06"]
[Round "2"]
[White "Roeckl, Adelbert"]
[Black "Thoma, Dirk"]
[Result "1/2-1/2"]
[WhiteElo "1528"]
[BlackElo "1466"]
[PlyCount "89"]
[EventDate "2012.01.05"]
[EventType "swiss"]
[EventRounds "7"]
[EventCountry "GER"]
[SourceTitle "EXT 2015"]
[Source "ChessBase"]
[SourceDate "2014.11.20"]
[SourceVersion "1"]
[SourceVersionDate "2014.11.20"]
[SourceQuality "1"]

1. Nf3 d5 2. c4 Nf6 3. cxd5 Qxd5 4. Nc3 Qa5 5. g3 e6 6. Bg2 Be7 7. 0-0 0-0 8. Qc2 c6 9. d4 Nd5 10. Nxd5 exd5 11. Bd2 Qc7 12. Rfe1 Be6 13. Bf4 Qc8 14. Ng5 Bxg5 15. Bxg5 f6 16. Bf4 g5 17. Bxb8 Rxb8 18. e4 Bh3 19. exd5 Bxg2 20. Kxg2 cxd5 21. Rac1 Qxc2 22. Rxc2 Rf7 23. Rc5 Rd8 24. f3 Rd6 25. Kf2 b6 26. Rc8+ Kg7 27. Ree8 Rdd7 28. b4 Rc7 29. Rxc7 Rxc7 30. a3 Rc2+ 31. Re2 Rxe2+ 32. Kxe2 Kf7 33. b5 h5 34. Ke3 Ke6 35. h3 Kf5 36. g4+ hxg4 37. hxg4+ Ke6 38. f4 Kd7 39. fxg5 fxg5 40. Kd3 Kc7 41. Kc3 Kb7 42. a4 Kc7 43. Kd3 Kd6 44. a5 Kc7 45. axb6+ 1/2-1/2

[Event "Mittelfranken Mitte-ch 1112"]
[Site "Zirndorf"]
[Date "2012.01.05"]
[Round "1"]
[White "Erlbeck, Peter"]
[Black "Roeckl, Adelbert"]
[Result "1-0"]
[WhiteElo "2013"]
[BlackElo "1528"]
[PlyCount "91"]
[EventDate "2012.01.05"]
[EventType "swiss"]
[EventRounds "7"]
[EventCountry "GER"]
[SourceTitle "EXT 2015"]
[Source "ChessBase"]
[SourceDate "2014.11.20"]
[SourceVersion "1"]
[SourceVersionDate "2014.11.20"]
[SourceQuality "1"]

1. e4 e6 2. d4 d5 3. e5 c5 4. c3 Bd7 5. Nf3 Nc6 6. Be2 f6 7. 0-0 fxe5 8. dxe5 Nh6 9. Re1 Nf7 10. Bf4 Be7 11. h3 Qb6 12. Nbd2 h6 13. Nf1 0-0-0 14. a4 g5 15. Bg3 h5 16. Ne3 Rdg8 17. Bb5 g4 18. Nxd5 Qd8 19. Nxe7+ Qxe7 20. hxg4 hxg4 21. Nh2 Nh6 22. Qd6 Qxd6 23. exd6 Nf5 24. Re4 Nxg3 25. fxg3 Rg5 26. Rxg4 Rgh5 27. Rh4 Rxh4 28. gxh4 Rxh4 29. Re1 Nd8 30. Nf3 Rh5 31. Ne5 Bxb5 32. axb5 Rf5 33. g4 Rg5 34. Kf2 Rg7 35. Kg3 a6 36. bxa6 bxa6 37. Rf1 Rg5 38. Kf4 Rg8 39. Ke4 Kb7 40. b3 Rg7 41. Rf8 Nc6 42. Rf7+ Rxf7 43. Nxf7 Kc8 44. g5 Kd7 45. g6 Ke8 46. Ne5 1-0

[Event "Nuremberg Zabo op 13th"]
[Site "Nuremberg"]
[Date "2011.09.18"]
[Round "5"]
[White "Drechsel, Simon"]
[Black "Roeckl, Adelbert"]
[Result "0-1"]
[WhiteElo "1331"]
[BlackElo "1548"]
[PlyCount "72"]
[EventDate "2011.09.16"]
[EventType "swiss"]
[EventRounds "5"]
[EventCountry "GER"]
[SourceTitle "EXT 2013"]
[Source "ChessBase"]
[SourceDate "2012.11.22"]
[SourceVersion "1"]
[SourceVersionDate "2012.11.22"]
[SourceQuality "1"]

1. e4 Nf6 2. e5 Nd5 3. c4 Nb6 4. d4 c6 5. Bd2 d6 6. f4 dxe5 7. dxe5 Bf5 8. b3 e6 9. Be2 Bc5 10. Bc3 Qxd1+ 11. Bxd1 N8d7 12. Be2 0-0-0 13. Nf3 h6 14. Nbd2 f6 15. 0-0-0 Ba3+ 16. Bb2 Bxb2+ 17. Kxb2 Nc5 18. b4 Nd3+ 19. Bxd3 Bxd3 20. c5 Nd5 21. g3 Nxb4 22. Kc3 Na6 23. Nb3 Be4 24. Nbd4 Bxf3 25. Nxf3 Nxc5 26. Kc4 Nd7 27. Rhe1 fxe5 28. Nxe5 Nxe5+ 29. fxe5 Rxd1 30. Rxd1 Rd8 31. Rxd8+ Kxd8 32. h4 Kc7 33. Kc5 b6+ 34. Kc4 c5 35. g4 Kc6 36. g5 h5 0-1

[Event "Nuremberg Zabo op 12th"]
[Site "Nuremberg"]
[Date "2010.09.17"]
[Round "1"]
[White "Roeckl, Adelbert"]
[Black "Wittmann, Paul"]
[Result "0-1"]
[WhiteElo "1477"]
[BlackElo "1993"]
[PlyCount "108"]
[EventDate "2010.09.17"]
[EventType "swiss"]
[EventRounds "5"]
[EventCountry "GER"]
[SourceTitle "EXT 2011"]
[Source "ChessBase"]
[SourceDate "2010.11.26"]
[SourceVersion "1"]
[SourceVersionDate "2010.11.26"]
[SourceQuality "1"]

1. c4 c6 2. g3 d5 3. Bg2 Nf6 4. Nf3 e6 5. 0-0 Be7 6. d4 0-0 7. Nbd2 Nbd7 8. Qc2 b6 9. Re1 Bb7 10. e4 Rc8 11. e5 Ne8 12. Qd1 c5 13. cxd5 Bxd5 14. Nf1 cxd4 15. Nxd4 Bxg2 16. Kxg2 Nb8 17. Qa4 Nc7 18. Ne3 a6 19. Qd1 Bc5 20. Nb3 Bb4 21. Bd2 Nd5 22. Nxd5 Qxd5+ 23. Kg1 Bxd2 24. Qxd2 Qxd2 25. Nxd2 Rc2 26. Red1 h6 27. b3 Rfc8 28. Nc4 b5 29. Ne3 R2c5 30. f4 Rc3 31. Kf2 a5 32. Rab1 Na6 33. a3 Nc5 34. b4 axb4 35. axb4 Na4 36. Rd2 Nb6 37. Rbd1 Rb3 38. Rd8+ Kh7 39. Rxc8 Nxc8 40. Nc2 Rb2 41. Rc1 Nb6 42. Kg1 Nd5 43. h4 Rb3 44. Kf2 Rc3 45. Ke2 Nxb4 46. Kd2 Rxc2+ 47. Rxc2 Nxc2 48. Kxc2 Kg6 49. g4 h5 50. gxh5+ Kf5 51. Kc3 Kxf4 52. h6 gxh6 53. Kb4 Kxe5 54. Kxb5 f5 0-1

[Event "Mittelfranken Mitte-ch 0809"]
[Site "Zirndorf"]
[Date "2009.01.10"]
[Round "3"]
[White "Babichev, Vyacheslav"]
[Black "Roeckl, Adelbert"]
[Result "1-0"]
[WhiteElo "1739"]
[BlackElo "1422"]
[PlyCount "171"]
[EventDate "2009.01.06"]
[EventType "swiss"]
[EventRounds "7"]
[EventCountry "GER"]
[SourceTitle "EXT 2015"]
[Source "ChessBase"]
[SourceDate "2014.11.20"]
[SourceVersion "1"]
[SourceVersionDate "2014.11.20"]
[SourceQuality "1"]

1. e4 c6 2. d4 d5 3. e5 c5 4. c3 Nc6 5. Bb5 Qc7 6. Ne2 Bg4 7. f3 Bd7 8. Bf4 e6 9. 0-0 Nge7 10. dxc5 Ng6 11. Be3 Ncxe5 12. Bxd7+ Nxd7 13. b4 Be7 14. Ng3 0-0 15. Nh5 Qe5 16. Bf2 Qxh5 17. Qa4 Nde5 18. Nd2 Nf4 19. Qb5 Bg5 20. Rad1 Nfd3 21. Bg3 Bf4 22. Bxf4 Nxf4 23. g3 Qg6 24. Qxb7 h5 25. Kh1 Nfd3 26. Qa6 Nb2 27. Rb1 Nbc4 28. Nxc4 Nxc4 29. Rbc1 f5 30. f4 Qh6 31. Rfe1 Rf6 32. Qb7 Rff8 33. Qa6 Rf6 34. Qc6 Raf8 35. Qa6 Ra8 36. c6 e5 37. Qb7 Nb6 38. c7 Rc6 39. fxe5 Qe6 40. a4 Qd7 41. a5 Qxc7 42. Qxc7 Rxc7 43. axb6 axb6 44. Red1 Rd7 45. Rd3 Kf7 46. Kg2 Ke6 47. Re1 b5 48. Kf3 g5 49. Re2 Ra1 50. Kg2 Rf7 51. Red2 Rd7 52. Re3 f4 53. gxf4 gxf4 54. Rh3 Rh7 55. Rhd3 Rd7 56. Rh3 Rh7 57. Rhd3 Rd7 58. Kh3 Kxe5 59. Kh4 Rh1 60. Re2+ Kf5 61. Kh3 Rg1 62. Re8 Ra1 63. Rf8+ Ke5 64. Rb8 Ke4 65. Rd4+ Ke3 66. Re8+ Kf3 67. Rf8 Ra3 68. Rdxf4+ Ke2 69. Rf3 d4 70. Rf2+ Kd3 71. cxd4 Kxd4+ 72. Kh4 Rc7 73. R8f5 Rb3 74. Rxb5 Rc4 75. Rf4+ Kc3 76. Rxc4+ Kxc4 77. Rb8 Kd5 78. b5 Ke6 79. b6 Kf7 80. b7 Kg7 81. Kg5 Rb4 82. Kxh5 Rb5+ 83. Kg4 Rb4+ 84. Kf5 Rb5+ 85. Ke6 Rb6+ 86. Kd7 1-0

[Event "Mittelfranken Mitte-ch 0708"]
[Site "Zirndorf"]
[Date "2008.01.05"]
[Round "3"]
[White "Roeckl, Adelbert"]
[Black "Sidorov, Alexey"]
[Result "1/2-1/2"]
[WhiteElo "1389"]
[BlackElo "1367"]
[PlyCount "101"]
[EventDate "2008.01.04"]
[EventType "swiss"]
[EventRounds "7"]
[EventCountry "GER"]
[SourceTitle "EXT 2015"]
[Source "ChessBase"]
[SourceDate "2014.11.20"]
[SourceVersion "1"]
[SourceVersionDate "2014.11.20"]
[SourceQuality "1"]

1. Nf3 d5 2. d4 Nf6 3. e3 Bf5 4. c4 e6 5. Qb3 b6 6. Nc3 Be4 7. Nxe4 Nxe4 8. cxd5 exd5 9. g3 c5 10. Qb5+ Qd7 11. Ne5 Nd6 12. Qxd7+ Nxd7 13. Nxd7 Kxd7 14. dxc5 bxc5 15. Bh3+ Kc6 16. f3 g6 17. b3 Bg7 18. Rb1 Rhe8 19. Kf2 f5 20. Bb2 Bxb2 21. Rxb2 Rad8 22. a4 a5 23. Rc1 Rb8 24. Bf1 Re7 25. Rbc2 Nb7 26. Ba6 Kd6 27. Bxb7 Rbxb7 28. Rxc5 Rxb3 29. Rc6+ Ke5 30. Rc7 Rxc7 31. Rxc7 Rb2+ 32. Kg1 d4 33. exd4+ Kxd4 34. Rd7+ Ke3 35. Rd1 Kxf3 36. Rf1+ Ke3 37. Re1+ Re2 38. Rd1 Rd2 39. Re1+ Kd4 40. Re7 Ra2 41. Rxh7 Rxa4 42. Rg7 Rc4 43. Rxg6 a4 44. Ra6 Ke3 45. Kg2 f4 46. gxf4 Kxf4 47. Rf6+ Ke3 48. Re6+ Re4 49. Ra6 Kd3 50. Kg3 Kc3 51. h4 1/2-1/2

[Event "Nuremberg-ch op 06th"]
[Site "Nuremberg"]
[Date "2006.06.02"]
[Round "1.32"]
[White "Roeckl, Adelbert"]
[Black "Ederer, Rene"]
[Result "0-1"]
[WhiteElo "1462"]
[BlackElo "1979"]
[PlyCount "50"]
[EventDate "2006.06.02"]
[EventType "swiss"]
[EventRounds "5"]
[EventCountry "GER"]
[SourceTitle "EXT 2007"]
[Source "ChessBase"]
[SourceDate "2006.11.23"]
[SourceVersion "1"]
[SourceVersionDate "2006.11.23"]
[SourceQuality "1"]

1. d4 d6 2. Bf4 Nf6 3. Nf3 g6 4. e3 Bg7 5. Nbd2 0-0 6. h3 Nbd7 7. Be2 Re8 8. 0-0 e5 9. dxe5 dxe5 10. Bh2 b6 11. c3 Bb7 12. Qc2 Qe7 13. a4 e4 14. Nd4 Ne5 15. b4 Red8 16. b5 c5 17. bxc6 Nxc6 18. Bb5 Na5 19. Rfd1 Rac8 20. N2b3 Nxb3 21. Qxb3 Nd5 22. Rdc1 Qc5 23. Ra3 Nb4 24. Qb1 Nd3 25. Nb3 Qxa3 0-1

[Event "Nuremberg Zabo op 07th"]
[Site "Nuremberg"]
[Date "2005.09.24"]
[Round "2"]
[White "Dressler, Matthias"]
[Black "Roeckl, Adelbert"]
[Result "0-1"]
[WhiteElo "1635"]
[BlackElo "1428"]
[PlyCount "110"]
[EventDate "2005.09.23"]
[EventType "swiss"]
[EventRounds "5"]
[EventCountry "GER"]
[SourceTitle "EXT 2012"]
[Source "ChessBase"]
[SourceDate "2011.11.24"]
[SourceVersion "1"]
[SourceVersionDate "2011.11.24"]
[SourceQuality "1"]

1. d4 Nf6 2. Nf3 g6 3. c4 Bg7 4. e3 0-0 5. Nc3 d6 6. Be2 Nbd7 7. 0-0 c6 8. b4 e5 9. dxe5 dxe5 10. e4 Qc7 11. c5 Re8 12. Qb3 Nf8 13. Bb2 Bg4 14. h3 Bxf3 15. Bxf3 Ne6 16. Ne2 Rad8 17. Rad1 Ng5 18. Ng3 Nxf3+ 19. Qxf3 Rd7 20. Rxd7 Nxd7 21. Rd1 Rd8 22. Qd3 Bf6 23. Qb3 Nf8 24. Ne2 Ne6 25. Rxd8+ Qxd8 26. f3 Qd2 27. Kf1 Bg7 28. Bc1 Qd8 29. Be3 h5 30. a3 Kh7 31. Ke1 Qd7 32. Qc2 Qc7 33. Qd3 Bh6 34. Bxh6 Kxh6 35. Qd2+ Kg7 36. Qd6 Qxd6 37. cxd6 Kf8 38. Nc1 Ke8 39. Nd3 f6 40. Nc5 Nxc5 41. bxc5 b6 42. h4 Kd7 43. Kd2 bxc5 44. Kc3 Kxd6 45. Kc4 a6 46. g4 a5 47. a4 hxg4 48. fxg4 Ke6 49. h5 gxh5 50. gxh5 f5 51. h6 Kf6 52. exf5 e4 53. Kxc5 e3 54. h7 Kg7 55. f6+ Kxh7 0-1

[Event "Nuremberg LGA Cup 2nd"]
[Site "Nuremberg"]
[Date "2005.09.11"]
[Round "6.70"]
[White "Roeckl, Adelbert"]
[Black "Mack, Lienhard"]
[Result "1/2-1/2"]
[WhiteElo "1400"]
[BlackElo "1171"]
[PlyCount "82"]
[EventDate "2005.09.08"]
[EventType "swiss"]
[EventRounds "7"]
[EventCountry "GER"]
[SourceTitle "EXT 2022"]
[Source "ChessBase"]
[SourceDate "2021.10.06"]
[SourceVersion "1"]
[SourceVersionDate "2021.10.06"]
[SourceQuality "1"]

1. c4 Nf6 2. g3 g6 3. Bg2 Bg7 4. Nc3 0-0 5. d3 d6 6. h3 c5 7. e4 Nc6 8. Nge2 Rb8 9. 0-0 a6 10. Be3 Bd7 11. Qd2 Qc8 12. Kh2 b5 13. cxb5 axb5 14. Rac1 Qa6 15. a3 e5 16. Nd5 Nxd5 17. exd5 Nd4 18. Nxd4 exd4 19. Bh6 Rfe8 20. Bxg7 Kxg7 21. Rfe1 Bf5 22. g4 Bd7 23. Bf1 f5 24. Rxe8 Rxe8 25. gxf5 Bxf5 26. Re1 Qa8 27. Bg2 Bd7 28. Be4 Qd8 29. Qf4 Qf6 30. Qxf6+ Kxf6 31. b3 Bf5 32. f3 Re7 33. Ra1 Ra7 34. Kg3 Bd7 35. h4 Be8 36. f4 Ra5 37. Kf2 Ke7 38. Ke2 Kd8 39. Kd2 Kc7 40. Kc2 Kb6 41. Kb2 Ra7 1/2-1/2